<?xml version="1.0" encoding="UTF-8"?><?xml-stylesheet type="text/xsl" href="static/style.xsl"?><OAI-PMH xmlns="http://www.openarchives.org/OAI/2.0/" xmlns:xsi="http://www.w3.org/2001/XMLSchema-instance" xsi:schemaLocation="http://www.openarchives.org/OAI/2.0/ http://www.openarchives.org/OAI/2.0/OAI-PMH.xsd"><responseDate>2026-04-13T06:00:51Z</responseDate><request verb="GetRecord" identifier="oai:www.recercat.cat:20.500.12694/7066" metadataPrefix="marc">https://recercat.cat/oai/request</request><GetRecord><record><header><identifier>oai:recercat.cat:20.500.12694/7066</identifier><datestamp>2025-12-18T12:09:02Z</datestamp><setSpec>com_2072_179042</setSpec><setSpec>col_2072_484474</setSpec></header><metadata><record xmlns="http://www.loc.gov/MARC21/slim" xmlns:dcterms="http://purl.org/dc/terms/" xmlns:xsi="http://www.w3.org/2001/XMLSchema-instance" xmlns:doc="http://www.lyncode.com/xoai" xsi:schemaLocation="http://www.loc.gov/MARC21/slim http://www.loc.gov/standards/marcxml/schema/MARC21slim.xsd">
   <leader>00925njm 22002777a 4500</leader>
   <datafield ind2=" " ind1=" " tag="042">
      <subfield code="a">dc</subfield>
   </datafield>
   <datafield ind2=" " ind1=" " tag="720">
      <subfield code="a">Puigcerver Carceller, Adrià</subfield>
      <subfield code="e">author</subfield>
   </datafield>
   <datafield ind2=" " ind1=" " tag="260">
      <subfield code="c">2022-06</subfield>
   </datafield>
   <datafield ind2=" " ind1=" " tag="520">
      <subfield code="a">El present treball persegueix diversos objectius. En primer lloc, pretén recopilar detalladament informació sobre els tres sistemes d'afinació més importants de la música occidental: l'afinació pitagòrica, la justa entonació i el temperament igual. En segon lloc, proposa una guia pràctica sobre com aplicar un mètode d'afinació que combina les afinacions justa i pitagòrica. Per acabar, i canviant radicalment el punt de mira, es teoritza sobre el món de les consonàncies i dissonàncies entre múltiples sons, creant un model propi que permet quantificar numèricament la consonància apreciable entre dues o tres notes que sonen alhora, basant-se en el percentatge d'harmònics de la sèrie harmònica que són compartits per les diferents notes que sonen.</subfield>
   </datafield>
   <datafield ind2=" " ind1=" " tag="520">
      <subfield code="a">El presente trabajo persigue varios objetivos. En primer lugar, pretende recopilar en detalle información sobre los tres sistemas de afinación más importantes de la música occidental: la afinación pitagórica, la justa entonación y el temperamento igual. En segundo lugar, propone una guía práctica sobre cómo aplicar un método de afinación que combina las afinaciones justa y pitagórica. Por último, y cambiando radicalmente el punto de mira, se teoriza sobre el mundo de las consonancias y disonancias entre múltiples sonidos, creando un modelo propio que permite cuantificar numéricamente la consonancia apreciable entre dos o tres notas que suenan a la vez, basándose en el porcentaje de armónicos de la serie armónica que son compartidos por las diferentes notas.</subfield>
   </datafield>
   <datafield ind2=" " ind1=" " tag="520">
      <subfield code="a">This work pursues several objectives. First, it aims to compile detailed information on the three most important tuning systems in Western music: Pythagorean tuning, just intonation, and equal temperament. Second, it proposes a practical guide on how to apply a tuning method that combines just and Pythagorean tunings. Finally, and radically changing the point of view, it theorizes on the world of consonances and dissonances between multiple sounds, creating its own model that allows the numerical quantification of the appreciable consonance between two or three notes sounding simultaneously, based on the percentage of harmonics in the harmonic series that are shared by the different notes.</subfield>
   </datafield>
   <datafield ind1="8" ind2=" " tag="024">
      <subfield code="a">http://hdl.handle.net/20.500.12694/7066</subfield>
   </datafield>
   <datafield tag="653" ind2=" " ind1=" ">
      <subfield code="a">TFG Música clàssica i contemporània</subfield>
   </datafield>
   <datafield tag="653" ind2=" " ind1=" ">
      <subfield code="a">Afinació (Música)</subfield>
   </datafield>
   <datafield tag="653" ind2=" " ind1=" ">
      <subfield code="a">Temperament musical</subfield>
   </datafield>
   <datafield tag="653" ind2=" " ind1=" ">
      <subfield code="a">Entonació (To musical)</subfield>
   </datafield>
   <datafield tag="653" ind2=" " ind1=" ">
      <subfield code="a">Anàlisi harmònica</subfield>
   </datafield>
   <datafield ind2="0" ind1="0" tag="245">
      <subfield code="a">Afinacions de la música occidental i creació d'un model per quantificar les consonàncies</subfield>
   </datafield>
</record></metadata></record></GetRecord></OAI-PMH>